[Event "Tata Steel-A 87th"]
[Site "Wijk aan Zee"]
[Date "2025.01.21"]
[Round "4"]
[White "Abdusattorov, Nodirbek"]
[Black "Wei, Yi"]
[Result "1/2-1/2"]
[WhiteElo "2768"]
[BlackElo "2751"]
[PlyCount "82"]
[EventDate "2025.01.18"]
[EventType "tourn"]
[EventRounds "13"]
[EventCountry "NED"]
[EventCategory "19"]
[SourceTitle "CB06_2025"]
[SourceDate "2025.02.05"]
[SourceVersion "1"]
[SourceVersionDate "2025.02.05"]
[SourceQuality "1"]

1. d4 Nf6 2. c4 e6 3. Nc3 Bb4 4. a3 Bxc3+ 5. bxc3 b6 6. f3 Nc6 7. e4 Na5 8. Bd3 Ba6 9. Qe2 c5 10. Nh3 cxd4 11. cxd4 Rc8 12. e5 Ng8 13. Nf2 d5 14. exd6 Nf6 15. Bf4 Bxc4 16. 0-0 0-0 17. Rac1 Nd5 18. Bg3 Bxd3 19. Qxd3 Nb7 20. Ne4 f5 21. Nc3 Nxc3 22. Rxc3 Rxc3 23. Qxc3 f4 24. Bf2 Qxd6 25. Rc1 h6 26. h3 Na5 27. Kh2 Qd5 28. Qc7 Rf7 29. Qc8+ Rf8 30. Qc7 Rf7 31. Qc8+ Kh7 32. Re1 Qd7 33. Qxd7 Rxd7 34. Rxe6 Nc4 35. a4 Nb2 36. a5 Nd3 37. Bg1 bxa5 38. Ra6 Rd5 39. h4 Nb4 40. Rxa7 Kg6 41. g4 fxg3+ 1/2-1/2

[Event "Tata Steel-A 87th"]
[Site "Wijk aan Zee"]
[Date "2025.01.20"]
[Round "3"]
[White "Wei, Yi"]
[Black "Keymer, Vincent"]
[Result "1/2-1/2"]
[WhiteElo "2751"]
[BlackElo "2733"]
[PlyCount "53"]
[EventDate "2025.01.18"]
[EventType "tourn"]
[EventRounds "13"]
[EventCountry "NED"]
[EventCategory "19"]
[SourceTitle "CB06_2025"]
[SourceDate "2025.02.05"]
[SourceVersion "1"]
[SourceVersionDate "2025.02.05"]
[SourceQuality "1"]

1. e4 e5 2. Nf3 Nc6 3. Bc4 Nf6 4. d3 Bc5 5. c3 a5 6. 0-0 d6 7. Bg5 h6 8. Bh4 Ba7 9. Re1 g5 10. Bg3 h5 11. h4 g4 12. Ng5 0-0 13. Na3 Qe7 14. d4 Kg7 15. f4 gxf3 16. gxf3 Nh7 17. f4 Bg4 18. Be2 Bxe2 19. Qxe2 exd4 20. Kg2 dxc3 21. Nxh7 cxb2 22. Rad1 Kxh7 23. Qxh5+ Kg7 24. Qg4+ Kh8 25. Qh5+ Kg7 26. Qg4+ Kh8 27. Qh5+ 1/2-1/2

[Event "Tata Steel-A 87th"]
[Site "Wijk aan Zee"]
[Date "2025.01.19"]
[Round "2"]
[White "Sarana, Alexey"]
[Black "Wei, Yi"]
[Result "1/2-1/2"]
[WhiteElo "2677"]
[BlackElo "2751"]
[PlyCount "107"]
[EventDate "2025.01.18"]
[EventType "tourn"]
[EventRounds "13"]
[EventCountry "NED"]
[EventCategory "19"]
[SourceTitle "CB06_2025"]
[SourceDate "2025.02.05"]
[SourceVersion "1"]
[SourceVersionDate "2025.02.05"]
[SourceQuality "1"]

1. e4 e5 2. Nf3 Nc6 3. Nc3 Nf6 4. Bb5 Nd4 5. Nxd4 exd4 6. e5 dxc3 7. exf6 Qxf6 8. dxc3 Bc5 9. Qe2+ Qe6 10. Qxe6+ fxe6 11. a4 a6 12. Bd3 a5 13. h4 0-0 14. f3 e5 15. Bd2 d6 16. c4 Bf5 17. 0-0-0 Bxd3 18. cxd3 h5 19. Rhe1 b6 20. Re4 Rf5 21. Rde1 Raf8 22. Bc3 Rf4 23. Bd2 R4f5 24. Bc3 Bf2 25. R1e2 Bg3 26. Be1 Bf4+ 27. Bd2 c5 28. Bxf4 Rxf4 29. Kd2 R4f5 30. Ke3 R5f6 31. Rf2 Kf7 32. g4 Kg6 33. gxh5+ Kxh5 34. Rg4 g6 35. Rg5+ Kh6 36. Rg3 Rf4 37. Rh2 R8f5 38. b3 Rf6 39. Rh1 R6f5 40. Rhg1 Rf6 41. Rh1 Rd4 42. Rg4 d5 43. Rxd4 exd4+ 44. Kf2 dxc4 45. bxc4 Re6 46. Rb1 Kh5 47. Kg3 g5 48. hxg5 Kxg5 49. Rb2 Kf5 50. Rb1 Rg6+ 51. Kf2 Rh6 52. Kg3 Rg6+ 53. Kf2 Rh6 54. Kg3 1/2-1/2

[Event "Tata Steel-A 87th"]
[Site "Wijk aan Zee"]
[Date "2025.01.18"]
[Round "1"]
[White "Wei, Yi"]
[Black "Caruana, Fabiano"]
[Result "1/2-1/2"]
[WhiteElo "2751"]
[BlackElo "2803"]
[PlyCount "61"]
[EventDate "2025.01.18"]
[EventType "tourn"]
[EventRounds "13"]
[EventCountry "NED"]
[EventCategory "19"]
[SourceTitle "CB06_2025"]
[SourceDate "2025.02.05"]
[SourceVersion "1"]
[SourceVersionDate "2025.02.05"]
[SourceQuality "1"]

1. e4 e5 2. Nf3 Nc6 3. Bb5 Nf6 4. 0-0 Nxe4 5. Re1 Nd6 6. Nxe5 Be7 7. Bf1 Nxe5 8. Rxe5 0-0 9. d4 Bf6 10. Re1 Re8 11. Bf4 Rxe1 12. Qxe1 Ne8 13. c3 d5 14. Nd2 c6 15. Qe3 g6 16. Re1 Ng7 17. Nf3 Bf5 18. h3 h5 19. Be5 Ne6 20. Bd3 Bxd3 21. Qxd3 Kg7 22. h4 Bxe5 23. Rxe5 Qd7 24. Ng5 Nc7 25. Qe3 Re8 26. g3 Kg8 27. Qf4 Rxe5 28. Qxe5 Ne8 29. Nh3 Nd6 30. Nf4 Qd8 31. Kg2 1/2-1/2

[Event "Titled Tuesday intern op 14th Jan Early"]
[Site "Chess.com INT"]
[Date "2025.01.14"]
[Round "7"]
[White "Abdurakhmanov, Mukhmmadali"]
[Black "Wei, Yi"]
[Result "0-1"]
[WhiteElo "2396"]
[BlackElo "2751"]
[PlyCount "52"]
[EventDate "2025.01.14"]
[EventType "swiss (blitz)"]
[EventRounds "11"]
[EventCountry "USA"]
[SourceTitle "CB04_2025"]
[SourceDate "2025.01.22"]
[SourceVersion "1"]
[SourceVersionDate "2025.01.22"]
[SourceQuality "1"]

1. d4 Nc6 2. d5 Ne5 3. e4 d6 4. c4 Nf6 5. Nc3 c6 6. Be2 Qa5 7. Qc2 cxd5 8. cxd5 Bd7 9. f4 Ng6 10. Nf3 Qb6 11. Qd2 Rc8 12. Bd3 e6 13. dxe6 fxe6 14. Qe3 Rc5 15. h3 Be7 16. Qf2 0-0 17. Be3 d5 18. exd5 Nxd5 19. Nxd5 exd5 20. f5 Bxf5 21. Bxf5 Rxf5 22. Bxc5 Bxc5 23. Qc2 Rf4 24. Rd1 Nh4 25. Rd3 Nf5 26. Qe2 Re4 0-1

[Event "Titled Tuesday intern op 14th Jan Early"]
[Site "Chess.com INT"]
[Date "2025.01.14"]
[Round "1"]
[White "Fieberg, Samuel"]
[Black "Wei, Yi"]
[Result "0-1"]
[WhiteElo "2186"]
[BlackElo "2751"]
[PlyCount "42"]
[EventDate "2025.01.14"]
[EventType "swiss (blitz)"]
[EventRounds "11"]
[EventCountry "USA"]
[SourceTitle "CB04_2025"]
[SourceDate "2025.01.22"]
[SourceVersion "1"]
[SourceVersionDate "2025.01.22"]
[SourceQuality "1"]

1. e4 Nc6 2. Nf3 Nf6 3. e5 Nd5 4. d4 d6 5. exd6 exd6 6. c3 Be7 7. Bd3 Bg4 8. 0-0 0-0 9. Nbd2 Nf4 10. Bb1 d5 11. Nb3 Bd6 12. Bxf4 Bxf4 13. h3 Bh5 14. Nc5 b6 15. Nd3 Bd6 16. g4 Bg6 17. Qd2 Be4 18. Nde5 Ne7 19. Bxe4 dxe4 20. Ng5 Bxe5 21. Nxe4 f5 0-1

[Event "Titled Tuesday intern op 14th Jan Early"]
[Site "Chess.com INT"]
[Date "2025.01.14"]
[Round "5"]
[White "Maksimovic, Bojan"]
[Black "Wei, Yi"]
[Result "1/2-1/2"]
[WhiteElo "2505"]
[BlackElo "2751"]
[PlyCount "257"]
[EventDate "2025.01.14"]
[EventType "swiss (blitz)"]
[EventRounds "11"]
[EventCountry "USA"]
[SourceTitle "CB04_2025"]
[SourceDate "2025.01.22"]
[SourceVersion "1"]
[SourceVersionDate "2025.01.22"]
[SourceQuality "1"]

1. c4 Nc6 2. Nc3 Nf6 3. Nf3 e5 4. g3 Bb4 5. Nd5 e4 6. Nh4 d6 7. Bg2 g5 8. Qa4 Ba5 9. Nxf6+ Qxf6 10. Bxe4 Bd7 11. Nf3 0-0-0 12. 0-0 g4 13. Nh4 Bb6 14. d3 Rde8 15. e3 Rxe4 16. dxe4 Nd4 17. Qd1 Nf3+ 18. Nxf3 gxf3 19. Rb1 h5 20. b3 Qh6 21. Qxf3 h4 22. g4 h3 23. Kh1 Re8 24. Qg3 Rxe4 25. f3 Bc6 26. Rb2 Bxe3 27. Re2 Qe6 28. Bxe3 Rxg4 29. Qf2 Rg2 30. Qe1 Qg4 31. Bf4 Rg1+ 32. Rxg1 Bxf3+ 33. Rgg2 hxg2+ 34. Kg1 Bxe2 35. Bg3 b6 36. Kxg2 Bf3+ 37. Kf2 Bc6 38. Qe3 Qf5+ 39. Ke1 Kb7 40. a4 Qb1+ 41. Kf2 Qc2+ 42. Ke1 Be4 43. h4 f5 44. h5 Qg2 45. h6 Qh1+ 46. Kd2 Qh5 47. Bf4 a5 48. Kc1 Kc6 49. Kd2 Qh1 50. Ke2 Qg2+ 51. Ke1 Qh1+ 52. Ke2 Qh4 53. Kd2 Qh5 54. Qg3 Qg4 55. Qxg4 fxg4 56. Ke3 Bf5 57. Kd4 Kd7 58. Bg3 Ke6 59. Bh4 Bc2 60. Kc3 Bg6 61. Kd4 Kd7 62. Ke3 c5 63. Kf4 Bc2 64. Kxg4 Ke6 65. Bd8 Kf7 66. Bxb6 Bxb3 67. Bxa5 Bxc4 68. Bc7 d5 69. Bb6 Be2+ 70. Kf4 c4 71. Bd4 Kg6 72. Bg7 d4 73. Bxd4 Kxh6 74. Bc3 Bf1 75. Kf3 Bh3 76. a5 Bc8 77. Ke4 Kg6 78. Kd5 Kf7 79. Kd6 Ke8 80. Kc7 Ba6 81. Kb6 Bc8 82. a6 Be6 83. Kc6 Bh3 84. a7 Kf7 85. Kc5 Bg2 86. Kxc4 Ke6 87. Bd4 Kd7 88. Kc3 Kc8 89. Be3 Kb7 90. Kd2 Ka8 91. Ke1 Bf3 92. Kf2 Be4 93. Kg3 Bd5 94. Kh4 Bc6 95. Kg5 Bb7 96. Kf6 Bc6 97. Kg7 Bb7 98. Kf8 Bc6 99. Bd4 Bb7 100. Ke7 Bc6 101. Kf6 Bb7 102. Kg5 Bc6 103. Kf4 Bb7 104. Ke3 Bc6 105. Kd2 Bb7 106. Kc3 Bc6 107. Kb2 Bb7 108. Ka3 Bc6 109. Bc5 Bb7 110. Kb4 Bc6 111. Kb3 Bb7 112. Kc2 Bc6 113. Kc1 Bb7 114. Kd1 Bc6 115. Ke1 Bb7 116. Kf2 Bc6 117. Kg3 Bb7 118. Kh4 Bc6 119. Kg5 Bb7 120. Kg4 Bc6 121. Kf4 Bb7 122. Kf5 Bc6 123. Kf6 Bb7 124. Ke6 Bc6 125. Ke7 Bb7 126. Kd8 Bc6 127. Kc7 Bb7 128. Kb6 Bc6 129. Kxc6 1/2-1/2

[Event "Titled Tuesday intern op 14th Jan Early"]
[Site "Chess.com INT"]
[Date "2025.01.14"]
[Round "9"]
[White "Matlakov, Maxim"]
[Black "Wei, Yi"]
[Result "0-1"]
[WhiteElo "2623"]
[BlackElo "2751"]
[PlyCount "98"]
[EventDate "2025.01.14"]
[EventType "swiss (blitz)"]
[EventRounds "11"]
[EventCountry "USA"]
[SourceTitle "CB04_2025"]
[SourceDate "2025.01.22"]
[SourceVersion "1"]
[SourceVersionDate "2025.01.22"]
[SourceQuality "1"]

1. Nf3 d6 2. g3 e5 3. Bg2 c5 4. 0-0 Nc6 5. c4 g6 6. Nc3 Bg7 7. a3 Nge7 8. Rb1 a5 9. Ne1 Be6 10. Nd5 0-0 11. Nc2 Rb8 12. b4 cxb4 13. axb4 b5 14. bxa5 bxc4 15. Nxe7+ Nxe7 16. Ba3 Qd7 17. a6 d5 18. Bc5 Qc7 19. Rxb8 Rxb8 20. a7 Ra8 21. Bxe7 Qxe7 22. Ne3 e4 23. d3 exd3 24. exd3 c3 25. Nxd5 Bxd5 26. Bxd5 Rxa7 27. Qf3 Bd4 28. Rc1 Kg7 29. Kg2 Qc5 30. Rc2 f5 31. Bc4 h5 32. h4 Re7 33. Bd5 Re8 34. Bc4 Rb8 35. Re2 Rb2 36. Rxb2 cxb2 37. Qb7+ Kh6 38. Bg8 Bg7 39. Bc4 Qd4 40. Qb5 Qc3 41. Ba2 Qa3 42. Qc4 Qa8+ 43. Kh2 Qf3 44. Qc2 Bd4 45. Qd2+ Kh7 46. Qb4 Qxf2+ 47. Kh3 Qf1+ 48. Kh2 Qg1+ 49. Kh3 Qh1# 0-1

[Event "Titled Tuesday intern op 14th Jan Early"]
[Site "Chess.com INT"]
[Date "2025.01.14"]
[Round "3"]
[White "Melikyan, Gnel"]
[Black "Wei, Yi"]
[Result "0-1"]
[WhiteElo "2239"]
[BlackElo "2751"]
[PlyCount "130"]
[EventDate "2025.01.14"]
[EventType "swiss (blitz)"]
[EventRounds "11"]
[EventCountry "USA"]
[SourceTitle "CB04_2025"]
[SourceDate "2025.01.22"]
[SourceVersion "1"]
[SourceVersionDate "2025.01.22"]
[SourceQuality "1"]

1. e4 Nc6 2. Nf3 d6 3. d4 Nf6 4. Nc3 g6 5. Bb5 a6 6. Bxc6+ bxc6 7. e5 Nd5 8. 0-0 Bg7 9. Nxd5 cxd5 10. Bf4 0-0 11. h3 Rb8 12. b3 h6 13. Qd2 g5 14. Bh2 Bf5 15. Qa5 Bxc2 16. Qxa6 Be4 17. Nd2 Bf5 18. Rfc1 Rb4 19. Nf3 Be4 20. Qa5 Rb6 21. Nd2 Bf5 22. Qxd5 e6 23. Qc4 dxe5 24. Nf3 e4 25. Bxc7 Qa8 26. Ne5 Rb7 27. Bd6 Rd8 28. Qc6 Qa7 29. Bc5 Qb8 30. Nc4 Bxd4 31. Bxd4 Rxd4 32. Ne3 Bg6 33. Qc8+ Qxc8 34. Rxc8+ Kg7 35. Rc2 f5 36. Nc4 Kf6 37. Kf1 f4 38. Ke1 Rd5 39. Rd2 Rd3 40. Rxd3 exd3 41. Kd2 e5 42. f3 Rb8 43. Re1 Rb5 44. Kc3 Rd5 45. a4 d2 46. Rd1 Rd3+ 47. Kb2 e4 48. fxe4 Bxe4 49. Rxd2 Rxd2+ 50. Nxd2 Bxg2 51. Kc3 Bxh3 52. Kd4 Bg2 53. b4 h5 54. b5 h4 55. b6 h3 56. Nf1 g4 57. a5 g3 58. a6 Bxf1 59. b7 g2 60. b8Q g1Q+ 61. Ke4 Qe3+ 62. Kd5 Qd3+ 63. Kc5 Qc4+ 64. Kd6 Qxa6+ 65. Kd5 Qb5+ 0-1

[Event "Titled Tuesday intern op 14th Jan Early"]
[Site "Chess.com INT"]
[Date "2025.01.14"]
[Round "10"]
[White "Wei, Yi"]
[Black "Demchenko, Anton"]
[Result "0-1"]
[WhiteElo "2751"]
[BlackElo "2619"]
[PlyCount "62"]
[EventDate "2025.01.14"]
[EventType "swiss (blitz)"]
[EventRounds "11"]
[EventCountry "USA"]
[SourceTitle "CB04_2025"]
[SourceDate "2025.01.22"]
[SourceVersion "1"]
[SourceVersionDate "2025.01.22"]
[SourceQuality "1"]

1. e4 e5 2. Nc3 Nc6 3. f4 exf4 4. Nf3 Nf6 5. d4 Bb4 6. Bd3 d5 7. exd5 Nxd5 8. 0-0 Ne3 9. Bxe3 fxe3 10. Ne4 0-0 11. Nfg5 h6 12. Qh5 Qxd4 13. Nf6+ Kh8 14. Kh1 e2 15. Qxe2 Qe5 16. Nfe4 f5 17. Nf3 Qe8 18. Nh4 Be6 19. c3 Be7 20. Nf3 fxe4 21. Bxe4 Bf5 22. Bd5 Bd6 23. Qb5 Ne7 24. Qxb7 Nxd5 25. Qxd5 Be4 26. Qd1 Bxf3 27. Rxf3 Qe5 28. Rh3 Rae8 29. a4 Rf2 30. Qg1 Qe2 31. Rb1 Ref8 0-1

[Event "Titled Tuesday intern op 14th Jan Early"]
[Site "Chess.com INT"]
[Date "2025.01.14"]
[Round "8"]
[White "Wei, Yi"]
[Black "Harsh, Suresh"]
[Result "1-0"]
[WhiteElo "2751"]
[BlackElo "2414"]
[PlyCount "67"]
[EventDate "2025.01.14"]
[EventType "swiss (blitz)"]
[EventRounds "11"]
[EventCountry "USA"]
[SourceTitle "CB04_2025"]
[SourceDate "2025.01.22"]
[SourceVersion "1"]
[SourceVersionDate "2025.01.22"]
[SourceQuality "1"]

1. b3 a6 2. Bb2 d5 3. e3 c5 4. Nf3 Nc6 5. g3 Bf5 6. Bg2 e6 7. d3 h6 8. Nbd2 Nf6 9. 0-0 Be7 10. Qe2 0-0 11. Rfd1 Bh7 12. a3 Qc7 13. c4 Rfd8 14. cxd5 Nxd5 15. Rac1 Rac8 16. Ne4 Qb6 17. Nfd2 Na5 18. Nc4 Nxc4 19. bxc4 Bxe4 20. Bxe4 Nf6 21. Bxf6 Bxf6 22. Rb1 Qa5 23. Rxb7 Rb8 24. Rdb1 Rxb7 25. Rxb7 Qxa3 26. h4 a5 27. Qh5 Rf8 28. g4 Qa1+ 29. Kg2 g6 30. Bxg6 fxg6 31. Qxg6+ Bg7 32. d4 Rxf2+ 33. Kxf2 Qb2+ 34. Rxb2 1-0

[Event "Titled Tuesday intern op 14th Jan Early"]
[Site "Chess.com INT"]
[Date "2025.01.14"]
[Round "6"]
[White "Wei, Yi"]
[Black "Perez Ponsa, Federico"]
[Result "0-1"]
[WhiteElo "2751"]
[BlackElo "2528"]
[PlyCount "41"]
[EventDate "2025.01.14"]
[EventType "swiss (blitz)"]
[EventRounds "11"]
[EventCountry "USA"]
[SourceTitle "CB04_2025"]
[SourceDate "2025.01.22"]
[SourceVersion "1"]
[SourceVersionDate "2025.01.22"]
[SourceQuality "1"]

1. Nf3 Nf6 2. b3 g6 3. Bb2 Bg7 4. g3 0-0 5. Bg2 c5 6. c4 d6 7. d4 Ne4 8. 0-0 Nc6 9. e3 Bd7 10. Nc3 Nxc3 11. Bxc3 cxd4 12. exd4 Bg4 13. h3 Bxf3 14. Bxf3 Qb6 15. Bxc6 bxc6 16. Rc1 e6 17. Re1 d5 18. c5 Qb7 19. b4 Rfe8 20. Rb1 Qb5 21. Qa4 0-1

[Event "Titled Tuesday intern op 14th Jan Early"]
[Site "Chess.com INT"]
[Date "2025.01.14"]
[Round "2"]
[White "Wei, Yi"]
[Black "Przybylski, Wojciech"]
[Result "1-0"]
[WhiteElo "2751"]
[BlackElo "2335"]
[PlyCount "129"]
[EventDate "2025.01.14"]
[EventType "swiss (blitz)"]
[EventRounds "11"]
[EventCountry "USA"]
[SourceTitle "CB04_2025"]
[SourceDate "2025.01.22"]
[SourceVersion "1"]
[SourceVersionDate "2025.01.22"]
[SourceQuality "1"]

1. b3 e5 2. Bb2 Nc6 3. e3 Nf6 4. Bb5 Bd6 5. Ne2 0-0 6. 0-0 a6 7. Bxc6 dxc6 8. d3 Re8 9. e4 c5 10. Nd2 b5 11. Kh1 Ng4 12. h3 Nh6 13. f4 f6 14. f5 Bb7 15. c4 Nf7 16. Nf3 Bf8 17. Qd2 Qd7 18. Rad1 Rad8 19. Qe3 Qc6 20. g4 Qb6 21. Rd2 Rd7 22. Kh2 Red8 23. h4 Be7 24. Bc3 Qd6 25. Kg3 h6 26. Rfd1 Rb8 27. Neg1 Kf8 28. Nh3 Ke8 29. Rg2 Rdd8 30. g5 hxg5 31. hxg5 Kd7 32. g6 Nh6 33. Nf2 Rh8 34. Rh2 b4 35. Bb2 Rhg8 36. Rxh6 gxh6 37. Rh1 Bf8 38. Ng4 Bc6 39. Nfxe5+ Kc8 40. Kf2 fxe5 41. Bxe5 Qe7 42. Bf4 Kb7 43. Nxh6 Bxh6 44. Rxh6 Rbf8 45. Rh7 Qf6 46. Qxc5 Rc8 47. Qxb4+ Ka7 48. Qc5+ Kb7 49. Qb4+ Ka8 50. Ke3 Bb7 51. Qc5 Qb6 52. Qxb6 cxb6 53. e5 Rcf8 54. Rf7 Bc8 55. Rxf8 Rxf8 56. f6 Be6 57. d4 Kb7 58. d5 Bg8 59. Bh6 Re8 60. Kf4 Rd8 61. e6 Kc7 62. f7 Kd6 63. g7 Ke7 64. f8Q+ Rxf8+ 65. gxf8Q# 1-0

[Event "Titled Tuesday intern op 14th Jan Early"]
[Site "Chess.com INT"]
[Date "2025.01.14"]
[Round "4"]
[White "Wei, Yi"]
[Black "Sonis, Francesco"]
[Result "1-0"]
[WhiteElo "2751"]
[BlackElo "2565"]
[PlyCount "101"]
[EventDate "2025.01.14"]
[EventType "swiss (blitz)"]
[EventRounds "11"]
[EventCountry "USA"]
[SourceTitle "CB04_2025"]
[SourceDate "2025.01.22"]
[SourceVersion "1"]
[SourceVersionDate "2025.01.22"]
[SourceQuality "1"]

1. b3 e6 2. Bb2 Nf6 3. e3 b6 4. f4 Bb7 5. Nf3 Be7 6. Rg1 d5 7. g4 Bf8 8. g5 Nfd7 9. c4 c5 10. cxd5 Bxd5 11. Nc3 Bb7 12. Bc4 a6 13. a4 Nc6 14. Qe2 Na5 15. 0-0-0 Qc7 16. h4 Nxc4 17. bxc4 Be7 18. h5 0-0-0 19. Kb1 Rhg8 20. g6 hxg6 21. hxg6 f5 22. d3 Bf6 23. Ng5 Rde8 24. Nf7 e5 25. Qf2 exf4 26. Qxf4 Qxf4 27. exf4 Kc7 28. Nd5+ Bxd5 29. cxd5 Bxb2 30. Kxb2 Nf6 31. d6+ Kc6 32. Rde1 Rxe1 33. Rxe1 Re8 34. Re5 b5 35. Rxf5 Re2+ 36. Kb3 bxa4+ 37. Kxa4 Nd7 38. Kb3 Nb6 39. Re5 Rd2 40. Kc3 Rf2 41. f5 a5 42. Re6 Kb5 43. d7 Nd5+ 44. Kb3 a4+ 45. Ka3 Rd2 46. d8Q Rxd3+ 47. Kb2 a3+ 48. Kc1 a2 49. Qb8+ Kc4 50. Ne5+ Kc3 51. Qb2# 1-0

[Event "Titled Tuesday intern op 14th Jan Early"]
[Site "Chess.com INT"]
[Date "2025.01.14"]
[Round "11"]
[White "Wei, Yi"]
[Black "Suyarov, Mukhammadzokhid"]
[Result "0-1"]
[WhiteElo "2751"]
[BlackElo "2465"]
[PlyCount "98"]
[EventDate "2025.01.14"]
[EventType "swiss (blitz)"]
[EventRounds "11"]
[EventCountry "USA"]
[SourceTitle "CB04_2025"]
[SourceDate "2025.01.22"]
[SourceVersion "1"]
[SourceVersionDate "2025.01.22"]
[SourceQuality "1"]

1. Nf3 Nf6 2. b3 d5 3. Bb2 c5 4. e3 Nc6 5. Bb5 Bd7 6. 0-0 e6 7. d4 cxd4 8. exd4 Bd6 9. Bd3 0-0 10. c4 Rc8 11. Nc3 a6 12. Re1 Re8 13. c5 Bb8 14. Na4 Bc7 15. a3 Ne4 16. Bxe4 dxe4 17. Rxe4 Ne7 18. Nc3 Bc6 19. Re1 Nf5 20. Ne4 Qd5 21. Qc2 Rcd8 22. Rad1 Qd7 23. h3 Bd5 24. b4 Qc6 25. Nfd2 Bf4 26. Nc4 Nh4 27. f3 f5 28. Ned2 Qc7 29. Ne5 Qe7 30. Nf1 Qg5 31. Kh1 Bxe5 32. Rxe5 Nxf3 33. Rxd5 exd5 34. gxf3 Re6 35. Bc1 Qh5 36. Nh2 Rde8 37. Qg2 Re1+ 38. Rxe1 Rxe1+ 39. Nf1 Rxc1 40. f4 Qd1 41. Qxd5+ Kf8 42. Qd8+ Kf7 43. Qd7+ Kf8 44. Qc8+ Ke7 45. Qxb7+ Kf6 46. Qxa6+ Kf7 47. Qb7+ Kg6 48. Qc6+ Kh5 49. Kh2 Rc2+ 0-1

[Event "Bundesliga 2425"]
[Site "Germany"]
[Date "2025.01.12"]
[Round "6.1"]
[White "Carlsen, Magnus"]
[Black "Wei, Yi"]
[Result "1/2-1/2"]
[WhiteElo "2832"]
[BlackElo "2762"]
[PlyCount "71"]
[EventDate "2024.09.28"]
[EventType "team-tourn"]
[EventRounds "15"]
[EventCountry "GER"]
[SourceTitle "CB06_2025"]
[SourceDate "2025.02.05"]
[SourceVersion "1"]
[SourceVersionDate "2025.02.05"]
[SourceQuality "1"]
[WhiteTeam "St Pauli"]
[BlackTeam "Duesseldorf"]
[WhiteTeamCountry "GER"]
[BlackTeamCountry "GER"]

1. e4 c5 2. Nf3 d6 3. d4 cxd4 4. Nxd4 Nf6 5. Nc3 a6 6. a4 e5 7. Nf3 Be7 8. Bg5 Be6 9. Bxf6 Bxf6 10. Nd5 Nd7 11. Bc4 Rc8 12. Qd3 Nb6 13. Nxf6+ Qxf6 14. Bxe6 Qxe6 15. 0-0 0-0 16. Rfd1 Rc6 17. b3 Nd7 18. c4 Nc5 19. Qe3 f5 20. exf5 Qxf5 21. Ra2 Rb6 22. Rb2 Nxa4 23. Rbd2 Nc5 24. Rxd6 Rxd6 25. Rxd6 Qb1+ 26. Ne1 e4 27. Kf1 Nxb3 28. Rb6 Nd2+ 29. Kg1 Qa2 30. Rxb7 Nxc4 31. Qd4 Ne5 32. h3 Qe6 33. Qxe4 Qc6 34. Qb4 h6 35. Qb2 Qe4 36. Nd3 1/2-1/2

[Event "Bundesliga 2425"]
[Site "Germany"]
[Date "2025.01.11"]
[Round "5.1"]
[White "Wei, Yi"]
[Black "Ivic, Velimir"]
[Result "1-0"]
[WhiteElo "2762"]
[BlackElo "2599"]
[PlyCount "133"]
[EventDate "2024.09.28"]
[EventType "team-tourn"]
[EventRounds "15"]
[EventCountry "GER"]
[SourceTitle "CB06_2025"]
[SourceDate "2025.02.05"]
[SourceVersion "1"]
[SourceVersionDate "2025.02.05"]
[SourceQuality "1"]
[WhiteTeam "Duesseldorf"]
[BlackTeam "Werder Bremen"]
[WhiteTeamCountry "GER"]
[BlackTeamCountry "GER"]

1. e4 e5 2. Nf3 Nf6 3. Nxe5 d6 4. Nf3 Nxe4 5. Nc3 Nxc3 6. dxc3 Be7 7. Bf4 0-0 8. Qd2 Nd7 9. 0-0-0 Re8 10. h4 h6 11. g4 Nc5 12. g5 Bg4 13. Bg2 h5 14. Rde1 Qd7 15. Nd4 Bf8 16. b4 Qa4 17. Kb1 a5 18. bxc5 dxc5 19. Nb3 Rad8 20. Qc1 c4 21. Bxc7 cxb3 22. axb3 Qb5 23. Bxd8 Rxd8 24. Qf4 Bd6 25. Qc4 Qxc4 26. bxc4 Bc5 27. Bd5 Kf8 28. f3 Bc8 29. Rd1 g6 30. Ka2 b6 31. Bc6 Rxd1 32. Rxd1 Be6 33. Kb3 Bf2 34. Bd5 Bf5 35. Rh1 Ke7 36. Rh2 Bg3 37. Rh1 Bf2 38. Bc6 Kd6 39. Bb7 Ke7 40. Bd5 Bd7 41. Rh2 Bg3 42. Re2+ Kf8 43. Re4 Bd6 44. Rd4 Bc5 45. Rd2 Bh3 46. Bc6 f6 47. f4 Bf5 48. Bd7 Be4 49. Be6 fxg5 50. fxg5 Bc6 51. Bd7 Bf3 52. Ka4 Ke7 53. Kb5 Bb7 54. Bh3 Bf3 55. Rd7+ Kf8 56. Be6 Be4 57. Rf7+ Ke8 58. Rf6 Ke7 59. Bf7 Bf5 60. Bxg6 Bd7+ 61. Ka6 a4 62. Bf5 Be8 63. Re6+ Kf8 64. g6 a3 65. g7+ Kxg7 66. Rxe8 a2 67. Re1 1-0

[Event "Wch Blitz"]
[Site "New York"]
[Date "2024.12.30"]
[Round "5"]
[White "Erigaisi, Arjun Kumar"]
[Black "Wei, Yi"]
[Result "1-0"]
[WhiteElo "2801"]
[BlackElo "2753"]
[PlyCount "81"]
[EventDate "2024.12.30"]
[EventType "swiss (blitz)"]
[EventRounds "13"]
[EventCountry "USA"]
[SourceTitle "CB01_2025"]
[SourceDate "2025.01.01"]
[SourceVersion "1"]
[SourceVersionDate "2025.01.01"]
[SourceQuality "1"]

1. d4 Nf6 2. c4 e6 3. Nc3 Bb4 4. f3 d5 5. a3 Be7 6. e4 dxe4 7. fxe4 c5 8. d5 exd5 9. exd5 0-0 10. Be2 Bd6 11. Nb5 Be5 12. Nf3 a6 13. Nxe5 axb5 14. 0-0 Re8 15. Nf3 bxc4 16. Bxc4 Nbd7 17. Bb5 h6 18. a4 Qb6 19. Bf4 Re4 20. Bg3 Nf8 21. d6 Be6 22. Nd2 Rd4 23. Be5 Ng4 24. Bxd4 cxd4 25. Qf3 Qxd6 26. Qf4 Qb4 27. Nf3 Rd8 28. h3 Ne3 29. Rf2 Qc5 30. Bd3 Bc4 31. Ne5 Bxd3 32. Qxf7+ Kh7 33. Nxd3 Qb6 34. Qe7 Ng6 35. Qe4 Kh8 36. a5 Qd6 37. b4 Nc4 38. Re1 Nf8 39. Qxb7 Ne3 40. a6 Qg6 41. Ne5 1-0

[Event "Wch Blitz"]
[Site "New York"]
[Date "2024.12.30"]
[Round "11"]
[White "Firouzja, Alireza"]
[Black "Wei, Yi"]
[Result "1-0"]
[WhiteElo "2763"]
[BlackElo "2753"]
[PlyCount "81"]
[EventDate "2024.12.30"]
[EventType "swiss (blitz)"]
[EventRounds "13"]
[EventCountry "USA"]
[SourceTitle "CB01_2025"]
[SourceDate "2025.01.01"]
[SourceVersion "1"]
[SourceVersionDate "2025.01.01"]
[SourceQuality "1"]

1. e4 c5 2. Nf3 d6 3. d4 cxd4 4. Nxd4 Nf6 5. Nc3 a6 6. f3 e5 7. Nb3 Be7 8. Be3 Be6 9. Qd2 0-0 10. 0-0-0 Nbd7 11. g4 b5 12. g5 b4 13. gxf6 bxc3 14. Qxc3 Nxf6 15. Na5 Qe8 16. Nc6 Rc8 17. Nxe7+ Qxe7 18. Qa5 Rc6 19. Rg1 Rfc8 20. Rg2 Bh3 21. Rgd2 Bxf1 22. Rxf1 h6 23. b3 Qe6 24. Rff2 Rc3 25. Rde2 d5 26. exd5 Qxd5 27. Qxa6 Ra8 28. Qb6 Rc6 29. Qb4 Rxa2 30. Rd2 Qe6 31. c4 Ra8 32. Ra2 Rac8 33. Rfc2 Qf5 34. Qc3 Nd5 35. Qd2 Nf6 36. Qe2 Kh7 37. Kb2 Nd5 38. Bd2 Nf6 39. Ra5 Rb8 40. Qxe5 Qxf3 41. Qxb8 1-0